Discurso inaugural pronunciado en la sesión pública ordinaria celebrada en la noche del 28 de mayo de 1969 en el Teatro de Variedades / (Record no. 162503)

MARC details
000 -LEADER
campo de control de longitud fija 00874nam a2200181 i 4500
001 - NÚMERO DE CONTROL
campo de control 162503
003 - IDENTIFICADOR DE NÚMERO DE CONTROL
campo de control ES-MaACL
005 - FECHA Y HORA DE LA ÚLTIMA TRANSACCIÓN
campo de control 20230906212536.0
008 - DATOS DE LONGITUD FIJA--INFORMACIÓN GENERAL
campo de control de longitud fija 990908s1869 sp |||| | spa d
100 1# - ENTRADA PRINCIPAL--NOMBRE DE PERSONA
Nombre de persona Poupart de Boisgarnier, Antonio.
9 (RLIN) 131324
245 10 - MENCIÓN DEL TÍTULO
Título Discurso inaugural pronunciado en la sesión pública ordinaria celebrada en la noche del 28 de mayo de 1969 en el Teatro de Variedades /
Mención de responsabilidad, etc. por Antonio Poupart de Boisgarnier.
260 ## - PUBLICACIÓN, DISTRIBUCIÓN, ETC.
Lugar de publicación, distribución, etc. Madrid :
Nombre del editor, distribuidor, etc. [s.n.],
Fecha de publicación, distribución, etc. 1869 (
Fabricante Imp. de la Viuda e Hijos de D.F. Abienzo)
300 ## - DESCRIPCIÓN FÍSICA
Extensión 11 p. ;
Dimensiones 21 cm.
594 ## - Nota al título y mención de responsabilidad
Nota al título y mención de responsabilidad Precede al tít.: Liceo Artístico Español
610 24 - PUNTO DE ACCESO ADICIONAL DE MATERIA--NOMBRE DE ENTIDAD CORPORATIVA
Nombre de entidad corporativa o nombre de jurisdicción como elemento de entrada Liceo Artístico Español.
9 (RLIN) 163419
852 4# - LOCALIZACIÓN
Ubicación ES-MaACL
Número de control de estantería T-115-F-3
Nota libre - Enc. hol., falto de cub. original
-- - Enc. en un vol. facticio
852 4# - LOCALIZACIÓN
Ubicación ES-MaACL
Número de control de estantería T-159-F-6
Nota libre - Enc. hol., falto de cub. original
-- - Enc. en un vol. facticio
Holdings
Estatus retirado Estado de pérdida Estado de daño No para préstamo Colección Biblioteca de origen Biblioteca actual Ubicación en estantería Fecha de adquisición Total de préstamos Signatura topográfica completa Código de barras Visto por última vez Precio de reemplazo Tipo de ítem Koha
        Colección de folletos Biblioteca del Ateneo de Madrid Biblioteca del Ateneo de Madrid Depósito folletos 17/01/2008   T-159-F-6 1170242 23/02/2023 23/02/2023 Folleto
        Colección de folletos Biblioteca del Ateneo de Madrid Biblioteca del Ateneo de Madrid Depósito folletos 17/01/2008   T-115-F-3 1170241 23/02/2023 23/02/2023 Folleto